| 000 | 01322nam a2200277Ia 4500 | ||
|---|---|---|---|
| 003 | Ost | ||
| 005 | 20260507074929.0 | ||
| 008 | 260507s9999||||xx |||||||||||||| ||und|| | ||
| 020 | _a3002069957 | ||
| 040 | _cfsecg | ||
| 041 | _aara | ||
| 082 | _a330 | ||
| 100 |
_aنور، عبد الناصر ابراهيم _eمؤلف |
||
| 245 | 0 |
_aأصول المحاسبة المالية (ج2) / _c عبد الناصر ابراهيم نور |
|
| 250 | _aطبعة 3 | ||
| 260 |
_aعمان: _bدار المسيرة للنشر والتوزيع, _c2005 |
||
| 300 |
_a376 صفحة؛ _bإيضاحات ؛ _c24 سم |
||
| 504 | _aببليوغرافيا: ص.375 | ||
| 520 | _aالجرد والتسويات الجردية -جرد المصروفات والايرادات -جرد الأصول الثابة -جرد الاصول المتداولة -الاخطار المحاسبية وتصحيحها -القوائم المالية وتبويبها -تحليل القوائم المالية ومناقشتها -الطرق المحاسبية | ||
| 653 | _aالإدارة المالية | ||
| 653 | _aالمحاسبة | ||
| 653 | _aالمحاسبة المالية | ||
| 700 |
_aالخداش، حسام الدين مصطفى _eمؤلف ثانوي |
||
| 700 |
_aصيام، وليد زكريا _eمؤلف ثانوي |
||
| 942 | _cكتاب | ||
| 999 |
_c41844 _d41844 |
||